000 00725nam a2200253 i 4500
001 C2-0119465
003 PPAK
005 20180727111940.0
008 970806s1994 cau |||| ||||| | eng d
020 _a1555425747
040 _aPPAK
_beng
_cPPAK
_erda
082 0 4 _a658.4036
_223
090 0 0 _a658.4036
_bWEL
_dG
100 1 _aWellins, Richard S.,
_eauthor
245 1 0 _aInside teams :
_bhow 20 world-class organizations are winning through teamwork
264 1 _aSan Francisco :
_bJossey - Bass Pub. ,
_c1994
300 _axix, 366 pages ;
_c24 cm
336 _2rdacontent
_atext
337 _2rdamedia
_aunmediated
338 _2rdacarrier
_avolume
650 1 0 _aWork groups
700 _eauthor
942 _ddc
_cB
999 _c33084
_d33084